000 00356nam a22001577a 4500
005 20160701111751.0
008 160701b xxu||||| |||| 00| 0 eng d
041 _aeng
082 _b20295
100 _aChugh CP
_93370
245 _aDrilling technology handbook
260 _bOxford
300 _a456
650 _aDiploma Engineering
_9817
942 _cBK
999 _c5038
_d5036